El Guero : (Record no. 6079)

MARC details
000 -LEADER
fixed length control field 01064nam a22003017a 4500
001 - CONTROL NUMBER
control field 6079
003 - CONTROL NUMBER IDENTIFIER
control field FISKH
005 - DATE AND TIME OF LATEST TRANSACTION
control field 20250307133215.0
008 - FIXED-LENGTH DATA ELEMENTS--GENERAL INFORMATION
fixed length control field 250307b cb ||||| |||| 00| 0 eng d
020 ## - INTERNATIONAL STANDARD BOOK NUMBER
International Standard Book Number 9780439218900
040 ## - CATALOGING SOURCE
Original cataloging agency FISKH
Language of cataloging eng
Transcribing agency FISKH
Modifying agency FISKH
050 ## - LIBRARY OF CONGRESS CALL NUMBER
Classification number PZ7.T7327 E
082 ## - DEWEY DECIMAL CLASSIFICATION NUMBER
Classification number 544
100 ## - MAIN ENTRY--PERSONAL NAME
Personal name Trevino, De Borton Elizabeth
Dates associated with a name (1904–2001)
245 ## - TITLE STATEMENT
Title El Guero :
Remainder of title A true adventure story /
Statement of responsibility, etc. Elizabeth Borton de Trevino ; Pictures by Leslie W.Bowman
250 ## - EDITION STATEMENT
Edition statement This edition first published in 1989
260 ## - PUBLICATION, DISTRIBUTION, ETC.
Place of publication, distribution, etc. New York :
Name of publisher, distributor, etc. Scholastic,
Date of publication, distribution, etc. 1989.
300 ## - PHYSICAL DESCRIPTION
Extent 102 pages :
Other physical details illustrations ;
Dimensions 20 cm
505 ## - FORMATTED CONTENTS NOTE
Formatted contents note W<br/>
520 ## - SUMMARY, ETC.
Summary, etc. His father's loyalty to the Mexican president deposed by Porfirio Diaz in 1876 forces a boy known as El Güero and his family into exile to the dangerous Baja California territory.<br/>
521 8# - TARGET AUDIENCE NOTE
Target audience note 860<br/>
Source Lexile<br/>
521 8# - TARGET AUDIENCE NOTE
Target audience note W<br/>
Source Raz-Plus<br/>
650 ## - SUBJECT ADDED ENTRY--TOPICAL TERM
Source of heading or term California
Topical term or geographic name entry element 19th century
650 ## - SUBJECT ADDED ENTRY--TOPICAL TERM
Source of heading or term Family
Topical term or geographic name entry element Fiction
700 ## - ADDED ENTRY--PERSONAL NAME
Personal name W.Bowman, Leslie
Dates associated with a name illustrator
942 ## - ADDED ENTRY ELEMENTS (KOHA)
Source of classification or shelving scheme Dewey Decimal Classification
Koha item type Books
Suppress in OPAC No
Holdings
Withdrawn status Lost status Source of classification or shelving scheme Damaged status Not for loan Collection Home library Current library Shelving location Date acquired Total Checkouts Full call number Barcode Date last seen Copy number Price effective from Koha item type
    Dewey Decimal Classification     Fiction Footprints International School Library Network Toul Tom Poung Campus Footprints International School Library Network Toul Tom Poung Campus TTP Secondary Fiction Bookshelves 03/07/2025   TRE 544 PZ7.T7327 E 2025-0748 03/07/2025 1 03/07/2025 Books